000 00246nam a22000977a 4500
999 _c11315
_d11315
008 190219b ||||| |||| 00| 0 eng d
020 _a1841261971
100 _aBarth
_97056
245 _aLearning Volleyball
260 _aUSA
_bMeyer & Meyer Sport
_c2007